| 000 | 00770nam a2200241 a 4500 | ||
|---|---|---|---|
| 001 | BRCA_1269 | ||
| 005 | 20190320203344.0 | ||
| 008 | 171105s1988----sp-a######---#000-0#spa-d | ||
| 020 | _a8485800028 | ||
| 041 | _aspa | ||
| 044 | _asp | ||
| 050 | 4 |
_aNK2270 _b.L83 1988 |
|
| 100 | 1 |
_aLucie-Smith, Edward _92279 |
|
| 245 | 1 | 0 |
_aBreve historia del mueble _cEdward Lucie-Smith ; traductor Mariano de la Cruz. |
| 260 |
_aBarcelona _bEdiciones del Serbal _c1988 |
||
| 300 |
_a216 p. _bil. (algunas a color) _c21 cm. |
||
| 500 | _aIncluye lista de las ilustraciones e índice | ||
| 500 | _aTraducción de: Furniture: a Concise History | ||
| 504 | _aBibliografía: p. 208-210 | ||
| 650 | 1 | 4 |
_aMuebles _xHistoria _94173 |
| 700 | 1 |
_aCruz, Mariano de la _94174 |
|
| 942 |
_2lcc _cB |
||
| 999 |
_c1138 _d1138 |
||